Obras de Miguel Leon-Portilla. (رقم التسجيلة. 132224)

تفاصيل مارك
000 -LEADER
fixed length control field 01108cam a22003494a 4500
008 - FIXED-LENGTH DATA ELEMENTS--GENERAL INFORMATION
fixed length control field 040122m20039999mx b 001 0 spa c
010 ## - LIBRARY OF CONGRESS CONTROL NUMBER
LC control number 2005465400
020 ## - INTERNATIONAL STANDARD BOOK NUMBER
International Standard Book Number 9683695388 (obra completa)
020 ## - INTERNATIONAL STANDARD BOOK NUMBER
International Standard Book Number 9786077630524 (v. 1, râustica)
020 ## - INTERNATIONAL STANDARD BOOK NUMBER
International Standard Book Number 9786077630531 (v. 6, pasta dura)
040 ## - CATALOGING SOURCE
Original cataloging agency CSt
Transcribing agency STF
Modifying agency OCLCQ
-- EG-GiCUC
043 ## - GEOGRAPHIC AREA CODE
Geographic area code n-mx---
050 00 - LIBRARY OF CONGRESS CALL NUMBER
Classification number F1219
Item number .L5559 2003
092 04 - LOCALLY ASSIGNED DEWEY CALL NUMBER (OCLC)
Classification number 972.020924
Item number L5797
Edition number 21
099 ## - LOCAL FREE-TEXT CALL NUMBER (OCLC)
Classification number 04
-- 972.020924 L5797
100 1# - MAIN ENTRY--PERSONAL NAME
Personal name Leon Portilla, Miguel.
240 10 - UNIFORM TITLE
Uniform title Works.
Form subheading Selections.
Date of a work 2003
245 10 - TITLE STATEMENT
Title Obras de Miguel Leon-Portilla.
250 ## - EDITION STATEMENT
Edition statement 1a. ed.
260 ## - PUBLICATION, DISTRIBUTION, ETC.
Place of publication, distribution, etc. Mâexico :
Name of publisher, distributor, etc. Universidad Nacional Autâonoma de Mâexico :
-- Colegio Nacional,
Date of publication, distribution, etc. 2003-
300 ## - PHYSICAL DESCRIPTION
Extent v. ;
Dimensions 23 cm.
504 ## - BIBLIOGRAPHY, ETC. NOTE
Bibliography, etc. note Includes bibliographical references and index.
505 1# - FORMATTED CONTENTS NOTE
Formatted contents note v6. Linguistica
590 ## - LOCAL NOTE (RLIN)
Local note Library has v.6 only.
650 #0 - SUBJECT ADDED ENTRY--TOPICAL TERM
Topical term or geographic name entry element Indians of Mexico.
651 #0 - SUBJECT ADDED ENTRY--GEOGRAPHIC NAME
Geographic name Mexico
General subdivision Civilization.
902 ## - LOCAL DATA ELEMENT B, LDB (RLIN)
No. of Items 1
905 ## - LOCAL DATA ELEMENT E, LDE (RLIN)
Cataloger Jamal
Reviser Rev.
905 ## - LOCAL DATA ELEMENT E, LDE (RLIN)
Cataloger Jihan
Reviser Cat.
942 ## - ADDED ENTRY ELEMENTS (KOHA)
Source of classification or shelving scheme Dewey Decimal Classification
Koha item type Books
المقتنيات
Source of classification or shelving scheme Not for loan Home library Current library Date acquired Full call number Barcode Date last seen Copy number Koha item type
Dewey Decimal Classification   المكتبة المركزبة الجديدة - جامعة القاهرة قاعة الثقاقات الاجنبية - الدور الثالث 11.02.2024 972.020924 L5797 v.6 Spa. 01000116004263006 05.07.2024 C.1 Books
Cairo University Libraries Portal Implemented & Customized by: Eng. M. Mohamady Contacts: new-lib@cl.cu.edu.eg | cnul@cl.cu.edu.eg
CUCL logo CNUL logo
© All rights reserved — Cairo University Libraries
CUCL logo
Implemented & Customized by: Eng. M. Mohamady Contact: new-lib@cl.cu.edu.eg © All rights reserved — New Central Library
CNUL logo
Implemented & Customized by: Eng. M. Mohamady Contact: cnul@cl.cu.edu.eg © All rights reserved — Cairo National University Library